Cumplimiento de los hábitos alimentarios del Judaísmo (Kashrut) en la comunidad ortodoxa judía de Costa Rica /
El análisis del cumplimiento de los hábitos alimentarios del judaísmo (Kashrut) en la Comunidad Ortodoxa Judía de Costa Rica, muestra que tanto el grado de porcentaje en esta población se encuentran en un nivel medio (cumplimiento entre el 20% y 50% de los requisitos de selección, preparación, servi...
Tallennettuna:
| Päätekijä: | |
|---|---|
| Muut tekijät: | |
| Aineistotyyppi: | Teksti |
| Aiheet: | |
| Tagit: |
Lisää tagi
Ei tageja, Lisää ensimmäinen tagi!
|
MARC
| LEADER | 00000 a a2200000 04500 | ||
|---|---|---|---|
| 001 | 15351 | ||
| 003 | |||
| 040 | |||
| 100 | |a Gelber Lang, Vivian | ||
| 245 | |a Cumplimiento de los hábitos alimentarios del Judaísmo (Kashrut) en la comunidad ortodoxa judía de Costa Rica / |c Vivian Gelber Lang | ||
| 520 | |a El análisis del cumplimiento de los hábitos alimentarios del judaísmo (Kashrut) en la Comunidad Ortodoxa Judía de Costa Rica, muestra que tanto el grado de porcentaje en esta población se encuentran en un nivel medio (cumplimiento entre el 20% y 50% de los requisitos de selección, preparación, servida y consumo de alimentos). El mayor grado y porcentaje de cumplimiento del Kashrut se encuentra en el grupo de edad C (50-75 años) y el menor en el grupo de edad A (15-34 años). Dentro de las razones brindadas para el cumplimiento de éste se encuentra la de creer en la Kashrut y sus reglamentos y para el no cumplimiento, la poca disponibilidad de alimentos kosher, el alto costo de los mismos, la educación recibida y la costumbre del hogar. REV//jmml | ||
| 650 | |a PUB.IIS | ||
| 650 | |a CULTURA | ||
| 650 | |a JUDAISMO | ||
| 650 | |a ALIMENTACION | ||
| 650 | |a EDUCACION | ||
| 650 | |a NORMAS SOCIALES | ||
| 700 | |a Sánchez, Francisco | ||
| 773 | |g volumen 42, número 83; páginas 149-156 | ||
| 999 | |c 20930 |d 20930 | ||
| 773 | 0 | |0 18728 |9 2607 |a Universidad de Costa Rica |d San José, Costa Rica Editorial UCR 1956- |o 01926 |t Revista de Ciencias Sociales/ |x 04825276 | |
